000 03117nam a2201165 a 4500
003 PE-LiUPU
005 20250813185655.0
008 230111s2022 pe g 00010 spa
020 _a9786124194276
040 _apelibn
_bspa
_erda
_cPE-LiUPU
_dPE-LiUPU
082 0 4 _a378.199
_223
_bL358c
100 1 _aLatorre Ariño, Marino,
_eautor.
_91269
245 1 0 _aCurrículum universitario por capacidades y competencias /
_cMarino Latorre Ariño.
250 _aPrimera edición
264 3 1 _aLima :
_bUniversidad Marcelino Champagnat,
_c2022.
300 _a226 páginas :
_bdiagramas ;
_c30 centímetros.
504 _aBibliografía: páginas 211-226.
505 _aIntroducción -- La educación y sus principios -- La educación y sus características -- El triángulo pedagógico -- El Currículum y sus concepciones -- competencias, sus clases y diseño curricular -- Paradigma sociocognitivo-humanista –elementos de una institución educativa programación -- aprendizaje estratégico y aprendizaje experiencial -- anexo -- Referencias.
526 _aP202
526 _aP201
526 _aP163
526 _aP162
526 _aP161
526 _aP160
526 _aP148
526 _aP147
526 _aP146
526 _aP145
526 _aP144
526 _aP143
526 _aP142
526 _aP141
526 _aP140
526 _aP139
526 _aP138
526 _aP137
526 _aP136
526 _aP135
526 _aP134
526 _aP133
526 _aP129
526 _aP128
526 _aP127
526 _aP120
526 _aP119
526 _aP118
526 _aP116
526 _aP115
526 _aP114
526 _aP110
526 _aP109
526 _aP108
526 _aP104
526 _aP103
526 _aP102
526 _aP99
526 _aP98
526 _aP97
526 _aP96
526 _aP95
526 _aP93
526 _aP90
526 _aP89
526 _aP88
526 _aP83
526 _aP82
526 _aP62
526 _aP59
526 _aP58
526 _aP57
526 _aP51
526 _aP49
526 _aP48
526 _aP47
526 _aP29
526 _aP24
526 _aP20
526 _aP19
526 _aP17
526 _aP15
526 _aP14
526 _aP12
526 _aP10
526 _aP09
526 _aP08
526 _aP07
526 _aP06
526 _aP05
526 _aP04
526 _aP01
650 1 8 _aEducación superior
_xCurrículo
_zPerú.
650 2 8 _aEducación basada en competencias
_zPerú
_91311
650 2 8 _aUniversidades y escuelas superiores
_xAdministración
_91312
650 2 8 _aUniversidades y escuelas superiores
_zPerú
_zLima
_xAdministración.
_91313
710 2 _aUniversidad Marcelino Champagnat (Lima),
_eeditor
_91274
942 _2ddc
_cBK
_n0
980 _621515
_aDIGNA BRAÑES Analista Documental
_81
_gALBERTO SANCHEZ Responsable de Automatización
999 _c61849
_d61849